|
|
|
|
| LEADER |
01131nam a2200277 a 4500 |
| 001 |
GR-MES15262 |
| 008 |
060120s2006 gw b 001 b eng d |
| 020 |
|
|
|a 3540277374
|
| 040 |
|
|
|a GrPaTEI
|b gre
|c GR-PaULI
|
| 082 |
|
0 |
|a 658.872
|2 21
|
| 100 |
1 |
|
|a Zhang, Yanchun
|
| 245 |
1 |
0 |
|a Web communities :
|b Analysis and construction /
|c Yanchun Zhang, Jeffrey Xu Yu, Jingyu Hou.
|
| 260 |
|
|
|a Berlin :
|b Springer,
|c c2006
|
| 300 |
|
|
|a ix, 187 σ. :
|b εικ. ;
|c 24 εκ.
|
| 504 |
|
|
|a Περιλαμβάνει βιβλιογραφικές παραπομπές και ευρετήριο.
|
| 650 |
|
0 |
|a Text processing (computer science)
|
| 650 |
|
0 |
|a Vector spaces
|
| 650 |
|
4 |
|a μηχανές αναζήτησης
|
| 650 |
1 |
0 |
|a Web search engines
|
| 650 |
1 |
0 |
|a World Wide Web
|
| 700 |
1 |
|
|a Hou, Jingyu
|
| 700 |
1 |
|
|a Yu, Jeffrey Xu.
|
| 942 |
|
|
|2 ddc
|
| 952 |
|
|
|0 0
|1 0
|2 ddc
|4 0
|6 658_872000000000000_ZHA
|7 0
|9 273095
|a MSLG
|b MSLG
|c BSC
|d 2021-01-17
|e 24
|f 0
|g 0.00
|l 0
|o 658.872 ZHA
|p 2420000024335
|r 2021-01-17 00:00:00
|t 1
|w 2021-01-17
|y BK15
|x 20090917 0 ΤΣΑΝΤΑΡΛΙΩΤΗ 1
|x GrPaTEI
|
| 971 |
|
|
|a .b25813110
|b 15-04-20
|c 13-09-16
|
| 999 |
|
|
|c 158078
|d 158078
|